书目信息 |
| 题名: |
液压控制阀及其修理
|
|
| 作者: | 赵应越 主编 | |
| 分册: | ||
| 出版信息: | 上海 上海交通大学出版社 1999.01 |
|
| 页数: | 342页 | |
| 开本: | 16开 | |
| 丛书名: | ||
| 单 册: | ||
| 中图分类: | TH137.52 | |
| 科图分类: | ||
| 主题词: | 液压传动 | |
| 电子资源: | ||
| ISBN: | 7-313-02141-0 | |
| 000 | 00568nam0 2200193 45 | |
| 001 | 0010241405 | |
| 005 | 20001024145311.7 | |
| 010 | @a7-313-02141-0@d28.00元 | |
| 100 | @a20001024d1999 km y0chiy0120 ea | |
| 101 | 0 | @achi |
| 105 | @a z 000yy | |
| 200 | 1 | @a液压控制阀及其修理@AYe Ya Kong Zhi Fa Ji Qi Xiu Li@f赵应越主编@FZhao Ying Yue Zhu Bian |
| 210 | @a上海@c上海交通大学出版社@d1999.01 | |
| 215 | @a342页@d16开 | |
| 606 | 0 | @a液压传动 |
| 690 | @aTH137.52@v3 | |
| 701 | 0 | @a赵应越@4主编 |
| 801 | @aCN@bPftUser@c20001024 | |
| 905 | @b185971-973@dTH137.52@eZH929@f3 | |
| 液压控制阀及其修理/赵应越主编.-上海:上海交通大学出版社,1999.01 |
| 342页;16开 |
| ISBN 7-313-02141-0:28.00元 |
| ● |
| 相关链接 |
|
|
|
正题名:液压控制阀及其修理
索取号:TH137.52/ZH929
 
预约/预借
| 序号 | 登录号 | 条形码 | 馆藏地/架位号 | 状态 | 备注 |
| 1 | 185971 | 201859710 | 自科库501/501自科库 38排1列1层/ [索取号:TH137.52/ZH929] | 在馆 | |
| 2 | 185972 | 201859729 | 期刊室512/501自科库 38排1列1层/ [索取号:TH137.52/ZH929] | 在馆 | |
| 3 | 185973 | 201859738 | 期刊室512/501自科库 38排1列1层/ [索取号:TH137.52/ZH929] | 在馆 |